Inazuma Eleven trouve les réponse (Saison 1) - Statistiques

Statistiques générales
  • Ce quiz a été pris 384 fois
  • Le résultat moyen est 14 sur 15
Statistiques - réponses
Hint Réponse % Correct
Quel joueur de Raimon marque contre la Royal Academy Axel
94%
Qui est le capitaine du collège Zeus Byron
94%
Comment s'appelle le coach que Mark va recruter pour remplacer Wintersea Hillman
94%
Quel technique Mark développe lors de la finale contre Zeus grâce au gants de son grand père Main Magique
94%
Quel est le nom de famille des triplés attaquants de Kirkwood Murdock
94%
Que prennent les joueurs du collège Zeus pour être plus fort Nectar des dieux
94%
Quelle équipe écrase la Royal Academy pour le premier match du Football Frontier Collège Zeus
93%
Après cette défaite quelle joueur rejoint Raimon pour venger ses coéquipiers Jude
93%
Qu'est ce qui tombe du ciel sur la moitié de terrain de Raimon juste avant le deuxième match contre la Royal Academy Poutre
93%
Qui est leur premier adversaire au qualification du tournoi Football Frontier Collège Wild
92%
Quel joueur arrivant des États-Unis rejoint Raimon Erik
92%
Qui a crée le club de foot de Raimon Mark
92%
Comment s'appelle le commandant de la Royal Academy Ray Dark
92%
Qui a été le premier adversaire de Raimon Royal Academy
90%
Quel joueur intègre Raimon et est soupçonné d'être une espion Bobby
85%
Aucun quiz correspondant
Distribution des résultats
% des personnes avec chaque résultat
Percentile par nombre de réponses
Votre historique - résultats
Vous n’avez pas pris ce quiz